Tài trí Việt Nam

Nội dung cuốn sách giới thiệu 26 chân dung tài trí Việt Nam.

Đã lưu trong:
书目详细资料
格式: 图书
语言:Undetermined
出版: Thành phố Hồ Chí Minh Thanh Niên 1999
主题:
标签: 添加标签
没有标签, 成为第一个标记此记录!
Thư viện lưu trữ: Trung tâm Học liệu Trường Đại học Cần Thơ
LEADER 00603nam a2200193Ia 4500
001 CTU_35841
008 210402s9999 xx 000 0 und d
020 |c 47000 
082 |a 809.3081 
082 |b T103 
245 0 |a Tài trí Việt Nam 
260 |a Thành phố Hồ Chí Minh 
260 |b Thanh Niên 
260 |c 1999 
520 |a Nội dung cuốn sách giới thiệu 26 chân dung tài trí Việt Nam. 
650 |a Vietnamese literature 
650 |y 20th century 
904 |i Q. Hiếu (sửa) 
980 |a Trung tâm Học liệu Trường Đại học Cần Thơ